000 00342nam a22001457a 4500
003 OSt
005 20160727222419.0
008 160627b xxu||||| |||| 00| 0 eng d
040 _cTEST
100 _91224
_aRohan Book Company
245 _aEdward Jenner
260 _aDELHI
_bROHAN BOOKS COM.
_c2000
300 _aEdward Jenner
942 _2ddc
_cBK
999 _c998
_d998